[Event "GER-ch 85th"]
[Site "Verden/Aller"]
[Date "2014.11.22"]
[Round "2"]
[White "Fridman, Daniel"]
[Black "Schild, Christoph"]
[Result "1-0"]
[WhiteElo "2639"]
[BlackElo "2424"]
[Annotator "Meyer,CD"]
[PlyCount "57"]
[EventDate "2014.11.21"]
[EventType "swiss"]
[EventRounds "9"]
[EventCountry "GER"]
[SourceTitle "CBM 164"]
[Source "ChessBase"]
[SourceDate "2015.01.15"]
[SourceVersion "1"]
[SourceVersionDate "2015.01.15"]
[SourceQuality "1"]

1. Nf3 Nf6 2. c4 e6 3. Nc3 Bb4 4. g4 $5 {Der Partiezug wurde das erste Mal
1996 von Zvjagintsev gegen M. Gurevic in einer Schnellpartie in Moskau
gespielt. Mittlerweile hat der wagemutige Vorstoß dieses Flügelbauern Einzug
in diverse Eröffnungen gehalten, beispielsweise im Anti-Meraner, gegen die
Philidor-Verteidigung oder - schon sehr lange - im Sizilianischen
Keres-Angriff.} O-O {Nur eine von diversen Reaktionen und darüber, welche die
geeignete ist, gehen die Meinungen der Experten auseinander, z.B.:} ({I} 4...
h6 5. Rg1 c5 (5... Bxc3 6. dxc3 d6 7. h4 Nc6 8. g5 hxg5 9. hxg5 Nd7 10. Bg2 e5
11. Be3 Nf8 12. Qb3 Rb8 13. O-O-O b6 14. Rh1 Rxh1 15. Rxh1 Na5 16. Qa3 Nxc4 17.
Qxa7 Nxe3 18. fxe3 Bb7 19. Rh8 Bc6 20. Qa6 Bd7 21. Qc4 Be6 22. Qh4 Qe7 23. Nd2
$14 {1-0 (35) Fridman,D (2670)-Meins,G (2473) Bad Wiessee 2012}) (5... b6 6.
Qc2 Bb7 7. a3 Be7 8. g5 hxg5 9. Nxg5 Bf8 10. d4 Nc6 11. Nf3 d5 12. cxd5 Nxd5
13. e4 Nxc3 14. Qxc3 Qd7 15. Bb5 f6 16. Be3 a6 17. Ba4 b5 18. Bb3 $13 {0-1 (36)
Krasenkow,M (2609)-Naiditsch,A (2571) Antalya 2004}) 6. h4 d5 7. g5 hxg5 8.
hxg5 Ne4 9. Qc2 Bxc3 10. dxc3 Nc6 11. Bf4 $14 {1/2-1/2 (42) Fridman,D (2629)
-Ikonnikov,V (2535) Frankfurt 2013}) ({II} 4... Nxg4 5. Rg1 $14) 5. g5 Bxc3 ({
Zumeist wird hier} 5... Ne8 {gezogen, was aber nicht unbedingt besser ist. Die
üblichen Fortsetzungen sind dann:} 6. Qc2 (6. Rg1 b6 (6... d5)) (6. h4 d5) (6.
Qb3 c5) 6... d5) 6. dxc3 Ne8 $6 ({Klar den Vorzug verdiente m. E. das aktive} 
6... Ne4 $13 {, z.B.} 7. h4 ({oder auch:} 7. Bg2 d5) (7. Qc2 d5) 7... d5 {
jeweils mit etlichen, spannenden Möglichkeiten}) 7. Bg2 Qe7 8. h4 Nc6 9. h5 {
Die Einladung zu diesem aggressiven Aufmarsch nimmt Weiß gerne an.} f5 ({
Der Einschub von} 9... d6 {verdient auch Beachtung, z.B.} 10. Qc2 f5 (10... d5)
) 10. Nh4 $1 {Originell und etwas überraschend, der Kommentator hatte bei
seiner Live-Kommentierung vor Ort eher die schlichte Fortsetzung} (10. gxf6
Nxf6 11. h6 g6 12. Bg5 $14 {erwartet.}) 10... f4 $5 ({Falls} 10... d6 $6 {
, so folgt stark} 11. f4 $1 {und ein paar taktische Ideen des
Randspringerzuges treten schon zutage, z.B.:} e5 $2 (11... Qf7 12. Qd3 (12. g6
Qd7 13. gxh7+ Kxh7 14. Ng6 Rf7 15. Qd3 Nf6) 12... Ne7 13. Nf3 h6 14. Be3 $16) (
11... Bd7 $2 12. e4 $1) 12. Ng6 $1 (12. Bd5+ Be6 13. Ng6 $1 hxg6 14. hxg6 Nf6 (
14... Rf6 15. e4 $1 $18 Rxg6 16. exf5) 15. Qd3 Bxd5 16. cxd5 $18 Qe8 (16... Ng4
17. Qh3) 17. dxc6 bxc6 18. Qxf5) 12... hxg6 13. Bd5+ ({oder auch} 13. hxg6 Be6
14. Bd5 Nf6 15. Qd3 Bxd5 16. cxd5 {wie vorher}) 13... Be6 14. hxg6 $18 {
wie gehabt}) 11. e3 $1 {Der schwarze Versuch, die Bc1-Diagonale zu versperren,
wird hiermit elegant entkräftet.} Qxg5 ({Ein beachtenswertes Taktikmotiv in
dieser Position blitzt nach} 11... e5 $4 {auf, nämlich} 12. Bd5+ Kh8 13. Ng6+
$1 hxg6 14. hxg6#) 12. exf4 Qc5 $6 {Ein windiger Platz für die Lady.} ({Oder: I
} 12... Qe7 $2 13. Be3 (13. Qd3) 13... d6 (13... e5 $4 14. Ng6 $1 $18) 14. Qd3
(14. Qc2) 14... Bd7 (14... e5 $2 15. Bd5+ Be6 16. Be4 $1 Nf6 17. f5 Bf7 (17...
Nxe4 18. Qxe4 Bd7 19. h6 $18) 18. Ng6 $1 Bxg6 19. hxg6 $18 h6 20. Bd5+ Kh8 21.
Bxh6) 15. O-O-O Nf6 16. h6 g6 17. Rhg1 $16) ({II Relativ am besten und
passabel war wohl} 12... Qf6 $5 {, z.B.} 13. Qd3 Ne7 14. Be4 h6 15. Be3 d5 16.
cxd5 exd5 17. Bxd5+ Nxd5 18. Qxd5+ Qe6 19. Qxe6+ Bxe6 20. Ng6 $14) 13. Qd3 Ne7
({Wie schwierig die Verteidigung jetzt aber zu führen ist, zeigen auch die
folgenden Alternativen: I} 13... Nd6 14. b3 b5 (14... Qxh5 15. Be3 b6 16. Bf3
Qf7 ({Nach} 16... Qa5 $2 17. a4 $1 {steht die Dame auf einem Abstellgleis} Bb7
18. O-O-O $16 (18. b4 $143 Nxb4 19. cxb4 Qxb4+ 20. Bd2 Qc5)) 17. O-O-O {
/\Rdg1+/-}) 15. cxb5 Qxb5 16. Qxb5 Nxb5 17. h6 Bb7 18. Rg1 Rf7 19. f5 $1 Re8 (
19... Nd6 20. Bb2 $16) 20. Bb2 exf5+ 21. Kf1 Nbd4 22. c4 Ne6 23. Bxg7 $16) ({
II Das verwegene} 13... Qxh5 {ist auch nicht besser:} 14. Be4 {und nun:} Nf6 (
14... Rf6 15. Ng6) (14... Ne7 15. Ng6) 15. Ng6 $1) 14. Be3 Qd6 ({Oder: I Einem
Verzweiflungsschlag gleich kommt} 14... Qxh5 $2 {wegen} 15. Be4 Nd6 16. Ng6
hxg6 17. Rxh5 gxh5 18. Bf3 h4 19. O-O-O $16) ({II} 14... Qa5 $2 15. h6 g6 16.
Be4 d6 17. Rg1 Qh5 (17... Kf7 18. Nxg6 $1 Nxg6 19. Bxg6+ hxg6 20. Qxg6+ Ke7 21.
Rg5 $18 Qa4 22. Qh7+ Rf7 (22... Kd8 23. Rg8) 23. Qxf7+ Kxf7 24. h7) 18. Rh1 Qa5
19. Bxg6 Nxg6 20. Nxg6 $18) 15. Qe2 $1 {Offenbart das schwarze Dilemma und
lässt den Gegner angesichts dessen misslicher Damenstellung und
Entwicklungsrückstandes gewissermaßen "in seinem eigenen Saft schmoren".} Nf5
$2 {In der trügerischen Hoffnung, sich mit dem Tausch zweier Springer zu
entlasten.} ({Zu dieser kritischen und problematischen Lage ein paar
Alternativen: I} 15... Qa6 $2 16. h6 g6 17. a4 $1 $16 {und Weiß droht mit
positioneller Strangulation.}) ({II} 15... c6 $2 16. c5 Qc7 17. O-O-O b5 (17...
b6 18. h6 g6 19. Qd2 $16) 18. h6 g6 19. Qg4 $16) ({III Zwar schafft} 15... c5
$5 {seiner Dame nach} 16. h6 g6 17. Rd1 Qc7 {endlich einen geordneten Rückzug,
aber Weiß bleibt mit} 18. b4 $1 {am Drücker:} {Mit} cxb4 (18... d6 $6 19. bxc5
dxc5 20. Qd2 Nf6 21. Qd6 Qxd6 22. Rxd6 $16 {, z.B.} Nh5 (22... Nf5 23. Nxf5
exf5 24. Bxc5 Re8+ 25. Kd2 Ne4+ 26. Bxe4 fxe4 27. Rxg6+ $1 hxg6 28. h7+ Kf7 29.
h8=Q Rxh8 30. Rxh8 $16) 23. f5 $1 Nxf5 24. Nxf5 Rxf5 25. Rd8+ Rf8 26. Rxf8+
Kxf8 27. Bxc5+ Kf7 28. Kd2 $16) 19. cxb4 Rxf4 $5 {zieht der Verteidiger die
"Notbremse" und kann sich vielleicht retten:} (19... d6 $6 20. O-O) 20. Bxf4
Qxf4 21. Qd3 Qxh6 (21... d6 $6 22. Be4 Qf6 23. Nf3 Bd7 24. b5 Rb8 25. Qd4 $16)
22. Nf5 Qg5 23. Nh6+ Kg7 24. Kf1 d6 25. Re1 e5 26. c5 Be6 27. cxd6 Rd8 28. Qb5
(28. Qc3 $143 Rxd6 29. Rxe5 Rd3 30. Qe1 Rd1 31. Rxg5 Bc4+ 32. Kg1 Rxe1+ 33. Kh2
Re2) 28... Nxd6 29. Qxe5+ Qxe5 30. Rxe5 Bc4+ 31. Kg1 Rd7 $14) 16. Nxf5 Rxf5 17.
Be4 Rf7 18. h6 $40 {Nun erscheint der weiße Angriffsdruck übermächtig.} g6 ({
Ebenfalls hoffnungslos wirkt} 18... Nf6 {nach} 19. c5 Qe7 20. Bf3 {, z.B.} g6
21. O-O-O d6 22. cxd6 cxd6 23. Qd3 Nd5 (23... d5 24. Bd4) 24. Be4 Rf6 25. f5 $1
Nxe3 26. Qxe3 exf5 (26... e5 27. fxg6 hxg6 28. Rdg1 Qf7 29. h7+ Kh8 30. Qh6 $18
) 27. Bd5+ Kf8 (27... Be6 28. Rhe1 Re8 (28... Kf7 29. Qd4 Qf8 30. Rxe6 Rxe6 31.
Re1 Rae8 32. Qc4 $18) 29. Qxa7 $18) 28. Qd4 Qe5 29. Qh4 f4 30. Rhe1 Qf5 31. Bb3
$1 g5 (31... Be6 32. Bc2 $18) 32. Qh5 Be6 33. Bxe6 Rxe6 34. Rxe6 Qxe6 35. Qxg5
Qe5 36. Qxe5 dxe5 37. Rd7 $18) 19. Qc2 $1 {Der Schwachpunkt g6 wird unter
schweren Beschuss genommen, während der schwarze Damenflügel immer noch
schlummert.} Rf5 {Bereits ein trauriges Zugeständnis, doch Weiß schnappt sich
die Qualität erst später.} ({Auf} 19... Rf6 {folgt} 20. Rg1 {und gegen die
konzertierten Aktionen auf der halboffenen g-Linie plus den Diagonalen c2-g6
und d4-f6 ist Schwarz machtlos:} Kf7 (20... Qf8 21. Bd4 Qxh6 22. Bxf6 Nxf6 23.
Bxg6 Kf8 24. Bd3 Qxf4 25. Bxh7 Qe5+ 26. Kf1 $18) 21. c5 Qf8 22. Bd4 Qxh6 (22...
Rxf4 23. Bxg6+) 23. Rh1 Qg7 24. O-O-O $18) 20. c5 Qf8 21. O-O-O Qf7 22. Bxf5
exf5 23. Rhe1 $18 {Völlig an die Wand gespielt bietet die Stellung des
Verteidigers ein Bild des Jammers, und seine Agonie dauert auch nur kurz.} c6
24. Bd4 Nc7 25. Qe2 Ne6 26. Qe5 Kf8 27. Qh8+ Qg8 28. Qf6+ Qf7 ({Oder} 28... Ke8
29. Rxe6+ $1 Qxe6 (29... dxe6 30. Be5 Bd7 31. Bd6 $18 Qf7 32. Qh8+ Qf8 33.
Qxf8#) 30. Qh8+ Ke7 31. Be5 d5 32. Bd6+ Kd7 33. Qxh7+ Ke8 34. Qh8+ Kd7 35. Qg7+
Kd8 36. h7 {nebst baldigem Matt}) 29. Rxe6 $1 {und Schwarz gab sich geschlagen.
Eine herrlich schwungvolle und kreative Angriffsleistung des neuen Deutschen
Meisters, die mit dem Schönheitspreis ausgezeichnet wurde.} (29. Rxe6 dxe6 30.
Qd8+ Qe8 31. Bg7+ Kf7 32. Qf6+ Kg8 33. Rd8 {nebst Matt}) 1-0

[Event "Olympiad-37"]
[Site "Turin"]
[Date "2006.05.24"]
[Round "4"]
[White "Dive, Russell John"]
[Black "Damaso, Rui"]
[Result "1/2-1/2"]
[WhiteElo "2335"]
[BlackElo "2452"]
[Annotator "Mueller,Karsten"]
[PlyCount "211"]
[EventDate "2006.05.21"]
[EventType "team-swiss"]
[EventRounds "13"]
[EventCountry "ITA"]
[SourceTitle "CBM 113"]
[Source "ChessBase"]
[SourceDate "2006.07.31"]
[SourceVersion "1"]
[SourceVersionDate "2006.07.31"]
[SourceQuality "1"]
[WhiteTeam "New Zealand"]
[BlackTeam "Portugal"]
[WhiteTeamCountry "NZL"]
[BlackTeamCountry "POR"]

1. c4 b6 2. Nc3 Bb7 3. e4 e6 4. Nf3 Nf6 5. Bd3 d6 6. O-O g6 7. Re1 Bg7 8. Bf1
O-O 9. d4 Nbd7 10. h3 a6 11. Bf4 Re8 12. e5 Nh5 13. Bh2 c5 14. Ne4 Bxe4 15.
Rxe4 dxe5 16. dxe5 Bf8 17. Qa4 Nb8 18. g4 Ng7 19. Rd1 Qc8 20. Re3 Nc6 21. Red3
Ra7 22. Bg2 Be7 23. a3 h5 24. Bf4 b5 25. cxb5 axb5 26. Qxb5 Rb7 27. Qc4 Rxb2
28. Bc1 Rb6 29. Qf4 Qb8 30. Qh6 Nd4 31. Nxd4 cxd4 32. Rxd4 Qxe5 33. Bf4 Qe2 34.
R4d2 Qb5 35. Bf3 Bf6 36. Be4 Qa4 37. Bc2 Qxa3 38. Bxg6 fxg6 39. Qxg6 Rf8 40.
gxh5 Qf3 41. Rd7 Qxf4 42. h6 Qg5+ 43. Qxg5 Bxg5 44. Rxg7+ Kh8 45. Rxg5 e5 46.
Rxe5 Rxh6 47. Re3 Rg8+ 48. Kh2 Rf6 49. Rd2 Kh7 50. Re4 Rgg6 51. Rh4+ Rh6 52.
Rg4 Rd6 53. Rxd6 Rxd6 54. Kg3 Kh6 55. f3 Ra6 56. Rg8 Ra1 57. Rb8 Kg6 58. Kg4
Rg1+ 59. Kf4 Rh1 60. Rh8 Kg7 61. Rh5 Kg6 62. Rg5+ Kf6 63. Rg3 Ra1 64. Kg4 Ra4+
65. f4 Ra8 66. Rb3 Rg8+ 67. Kf3 Rh8 68. Rb6+ Kf5 69. Rb5+ Kf6 70. Kg4 Rg8+ 71.
Rg5 Ra8 72. Rf5+ Kg6 73. Rb5 Ra1 74. Rb6+ Kg7 75. Kg5 Rg1+ 76. Kf5 Rh1 77. Rb7+
Kg8 78. Kg6 Kf8 $2 {[%mdl 4096] Normally when the king is cut off on the 8th
rank the attacking side wins. But this is an exception because of the h-pawn
is so far back. Normalerweise gewinnt der Angreifer bei abgeschnittenem König
auf der 8. Reihe. Aber hier liegt wegen des weit zurückhängenden h-Bauern eine
Ausnahme vor.} (78... Rg1+ 79. Kh5 Rg3 80. h4 Rg1 81. f5 Rg2 82. Kh6 Rg1 83. h5
(83. f6 Kf8 84. Rg7 Rf1 85. Kg6 Rg1+ $11) 83... Rg2 84. f6 Kf8 85. Rg7 Rxg7 86.
fxg7+ Kg8 $11) 79. f5 Rg1+ 80. Kf6 Kg8 81. Rb8+ Kh7 82. Rb4 Ra1 83. Rh4+ Kg8
84. Kg6 Ra7 $6 (84... Ra3 85. Rh6 Ra6+ 86. f6 Ra7 87. Rh4 Rg7+ 88. Kf5 Ra7 89.
Rg4+ Kh7 90. Re4 $18) 85. f6 $6 (85. Rg4 $18) 85... Rg7+ 86. Kf5 Ra7 87. Rg4+
Kf8 $6 (87... Kh7 88. Re4 Kg8 89. h4 Kf7 90. h5 Ra5+ 91. Re5 Ra1 92. Re7+ Kf8
93. h6 Rf1+ 94. Ke6 Re1+ 95. Kd7 Rd1+ 96. Kc8 Rd6 97. h7 Rd8+ 98. Kc7 Rc8+ 99.
Kd7 Rc7+ 100. Ke6 Rc6+ 101. Kf5 Rxf6+ 102. Kg5 Kxe7 103. h8=Q $18) 88. Kg6 Kg8
89. Rd4 $6 (89. h4 $18) 89... Rg7+ 90. Kf5 Ra7 91. Ke6 $2 (91. Rg4+ $18) 91...
Ra6+ 92. Rd6 Ra8 93. Rd7 Kf8 $2 (93... Re8+ 94. Kf5 Re3 95. h4 Rf3+ 96. Kg6
Rg3+ 97. Kh6 Rf3 $11) 94. Rf7+ $2 (94. h4 Re8+ 95. Re7 Ra8 96. Rf7+ Kg8 97.
Rg7+ Kf8 (97... Kh8 98. Rc7 Kg8 99. h5 Re8+ 100. Re7 Ra8 101. h6 Ra6+ 102. Kf5
Ra1 103. h7+ Kh8 104. f7 Rf1+ 105. Ke6 Kg7 106. f8=Q+ $18) 98. h5 Ra6+ 99. Kf5
Ra5+ 100. Kg6 Ra1 101. h6 Rg1+ 102. Kf5 Rh1 103. h7 Rh2 104. Ke5 $18) 94... Kg8
95. Rb7 Kf8 96. Rh7 Ra6+ 97. Kf5 Ra1 98. Rh4 Kf7 99. Rh7+ Kf8 100. Rb7 Rf1+
101. Kg5 Rg1+ 102. Kh5 Rf1 103. Rb6 Kf7 104. Kg5 Rg1+ 105. Kh5 Rf1 106. Kg5
1/2-1/2

[Event "EU-ch (Women) 20th"]
[Site "Antalya"]
[Date "2019.04.20"]
[Round "9"]
[White "Paehtz, Elisabeth"]
[Black "Zawadzka, Jolanta"]
[Result "1-0"]
[WhiteElo "2456"]
[BlackElo "2418"]
[Annotator "Paehtz,E"]
[PlyCount "55"]
[EventDate "2019.04.11"]
[EventType "swiss"]
[EventRounds "11"]
[EventCountry "TUR"]
[SourceTitle "CBM 190"]
[Source "ChessBase"]
[SourceDate "2019.06.30"]
[SourceVersion "1"]
[SourceVersionDate "2019.06.30"]
[SourceQuality "1"]

{[%evp 0,55,19,29,23,21,5,-11,6,6,17,-5,-8,-4,1,3,43,29,32,51,54,12,9,-7,-3,6,
6,8,8,-12,-6,1,13,26,18,61,74,50,64,97,93,222,193,220,352,242,329,264,318,318,
318,320,453,283,912,1140,1451,1517]} 1. Nf3 d5 2. e3 Nf6 3. c4 e6 4. Nc3 {
I had already chosen this setup in round 7 against Mkrtchian and I assumed
that I would not really be able to surprise my Polish opponent with it. Diesen
Aufbau wählte ich bereits in Runde 7 gegen Mkrtchian und deshalb ging ich
davon aus, dass ich meine polnische Gegnerin nicht wirklich damit überraschen
konnte.} a6 $5 {was new for me in this move order, yet this move absolutely
has to be respected. The basic idea consists of developing the dark-squared
bishop to d6. war für mich in dieser Reihenfolge neu, jedoch ist dieser Zug
ganz und gar nicht zu verachten. Die Grundidee besteht darin, den
schwarzfeldrigen Läufer nach d6 zu entwickeln.} (4... c6 {was Zawadzka's main
move in this move order and thus also what I had prepared for. war Zawadzka's
Hauptzug in dieser Zugreihenfolge und somit auch meine Vorbereitung.}) 5. b3 c5
6. Bb2 Nc6 7. cxd5 Nxd5 $6 {If you take on d5 with a piece, then the move a6
makes little sense. Wenn man mit einer Figur auf d5 schlägt, macht der Zug a6
wenig Sinn.} (7... exd5 8. d4 (8. Rc1 $5 {Innovation. Neuerung} Bg4 $6 (8... b5
$5 {would have caused Mamedyarov some probems, since it controls the a4-square
and thus neutralises White's plan with Na4. hätte Mamedjarov etwas Probleme
bereitet, da er das Feld a4 kontrolliert und somit den weißen Plan mittels
Sa4 neutralisiert.} 9. d4 (9. a4 d4 $1 10. exd4 Nxd4 11. axb5 Bd6 $44) 9... c4
10. bxc4 dxc4 $132) 9. h3 Bh5 10. Na4 $14 Nd7 11. Be2 b5 12. Nc3 Nf6 13. O-O
Be7 14. a4 Bxf3 15. Bxf3 Rb8 16. axb5 axb5 17. Ne2 Qd6 18. Nf4 Nb4 19. Ba3 Na6
20. d4 b4 21. Bb2 O-O 22. Bxd5 Nxd5 23. dxc5 Nxc5 24. Nxd5 Rfd8 25. Qg4 Bf8 26.
Nf6+ Kh8 27. Qf5 g6 28. Ne4+ {1-0 (28) Mamedyarov,S (2801)-Georgiadis,N (2526)
Biel 2018}) 8... cxd4 9. Nxd4 Bd6 10. Be2 O-O 11. O-O $13) 8. Qc2 f6 $6 (8...
Ncb4 9. Qb1 Nf6 {followed by Nbd5 would have been a cunning regrouping and
would have been a considerably more elegant solution to the problem of the
hanging g7-pawn. gefolgt von Sbd5 wäre eine schlaue Umgruppierung gewesen und
hätte das Problem des hängenden g7 Bauerns wesentlich eleganter gelöst.}) 9.
a3 (9. Be2 $5) 9... Nxc3 10. Bxc3 (10. dxc3 $5) 10... e5 11. Bd3 g6 12. h4 $6 {
At the moment this move simply appeared too logical to me, but during the
course of the game I remarked that h4 is actually not at all necessary. The
most important idea for White is represented by the advance d2-d4. I
recognised this relatively late on. Dieser Zug sah für mich in diesem Moment
einfach zu logisch aus, aber im Verlaufe der Partie merkte ich dann, dass man
h4 eigentlich gar nicht braucht. Die wichtigste Idee für Weiß besteht in dem
Vorstoß d2-d4. Das erkannte ich relativ spät.} (12. O-O Be6 13. Be4 {and
then there are ideas both with d4 and also b4. und dann gibt es Ideen sowohl
mit d4 als auch mit b4.}) 12... Qe7 (12... Bg7 $6 13. h5 (13. b4 $5 cxb4 14.
axb4 Ne7 15. b5 $16) 13... f5 14. b4 cxb4 15. axb4 Be6 16. b5 axb5 17. Rxa8
Qxa8 18. Bxb5 $18) 13. Be4 (13. h5 $5 gxh5 (13... g5 14. b4 cxb4 15. axb4 Nxb4
16. Bxb4 Qxb4 17. Bxh7 $18) 14. Rxh5 Bg4 15. Rh4 $16) 13... Be6 14. Qb2 $2 {
This move was actually not clever at all had I known at this point that I
would continue with 0-0 on the next move. Dieser Zug war eigentlich gar nicht
schlau hätte ich zu diesem Zeitpunkt gewusst, dass ich im nächsten Zug mit
0-0 fortsetzen würde.} (14. b4 $5 cxb4 15. Bxc6+ bxc6 16. axb4 {may well
promise a positional advantage, but was absolutely not to my taste. verspricht
zwar positionellen Vorteil, entsprach aber absolut nicht meinem Geschmack.}) (
14. O-O $1 Rc8 (14... Rd8 {and now there is no need to play Qb2. und jetzt
kann man sich Db2 nämlich sparen.} 15. d4 cxd4 16. Bxc6+ bxc6 17. exd4 Bf5 18.
Qe2 e4 19. Qxa6 Qd7 (19... exf3 $2 20. Rfe1 $18) 20. Nd2 $16) 15. Qb2) (14.
Bxc6+ $6 {may well destroy Black's structure, but the bishop pair offers more
than sufficient compensation for that. zerstört zwar die schwarze Struktur,
jedoch bietet das Läuferpaar mehr als ausreichende Kompensation dafür.} bxc6
15. O-O Bg7) 14... Rc8 $2 (14... Rd8 $1 15. O-O Bg7 16. d4 (16. b4 $5 cxb4 17.
axb4 Bd5 $13) 16... cxd4 17. exd4 Nxd4 18. Bxd4 (18. Nxd4 exd4 19. Bxd4 $4 Rxd4
20. Qxd4 f5 $19) 18... exd4 19. Rae1 {and we reach almost the same position as
in our game, but with the major difference that the black rook is on d8 and is
therefore supporting the d4-pawn. und wir erreichen fast die gleiche Stellung
wie in unserer Partie, aber mit dem großen Unterschied, dass der schwarze
Turm auf d8 steht und damit den d4 Bauern unterstützt.} Kf7 $11) (14... Bg7 $6
{starting with this move would, on account of damit anzufangen wäre aufgrund
von} 15. h5 {, not be so clever. nicht so schlau...}) 15. O-O Bg7 16. d4 cxd4 (
16... Bf5 17. Bxf5 gxf5 18. d5 Nd8 19. h5 (19. Qc2 Qd7 20. Nd2 Qxd5 (20... b5
21. f4 e4 (21... O-O 22. e4 $40) 22. g4 Qxd5 23. gxf5 Qd3 24. Qxd3 exd3 25. Ne4
$16) 21. Qxf5 Qe6 22. Nc4 $14) 19... Nf7 20. Nh4 Nd6 21. b4 $36) 17. exd4 Nxd4
(17... f5 18. Bxc6+ bxc6 19. dxe5 $16) 18. Bxd4 $1 {Jolanta must probably have
under-estimated this move. Diesen Zug wird Jolanta vermutlich unterschätzt
haben.} exd4 19. Rae1 $18 (19. Rfe1 $5 Qd7 20. Bf5 {compared to Rae1 this
would naturally now promise an advantage, though the alternative Bxb7 is the
stronger continuation here too. würde im Vergleich zu Tae1 natürlich jetzt
Vorteil versprechen, allerdings bleibt die Alternative Lxb7 auch hier die
stärkere Fortsetzung.} (20. Bxb7 $5) 20... gxf5 21. Nxd4 Rc6 $4 (21... O-O 22.
Nxe6 $16) 22. Nxc6 bxc6 23. Rad1 Qe7 24. Re2 $18) 19... Rd8 (19... Qd7 $5 20.
Bxb7 (20. Bf5 {I calculated this for some time, but was unable to find a win
for White in this variation. berechnete ich eine Weile, konnte aber in dieser
Variante keinen weißen Gewinn ausfindig machen.} gxf5 21. Nxd4 Rc6 22. Nxc6
bxc6 23. Qe2 Kf7 $1 (23... Ke7 $5 $13) 24. Qh5+ Kg8 $15) 20... Qxb7 21. Rxe6+
Kf7 22. Nxd4 Rhe8 23. Qe2 Qd7 24. Rxe8 Rxe8 (24... Qxe8 25. Qxa6 $18) 25. Qc4+
Kf8 26. Nf3 $16) 20. Bd3 $1 Rd6 21. Bc4 Kd7 22. Bxe6+ Rxe6 23. Qxd4+ Qd6 24.
Rxe6 Kxe6 25. Qc4+ {Two more accurate moves and there is no way for Black to
save the day. Noch zwei genaue Züge und Schwarz kann sich nicht mehr retten.}
Qd5 26. Qc7 Bh6 27. Re1+ Kf5 28. Nh2 {This victory brought me a bit closer to
the medals. On 6.5 /9 I could still dream about one. In the end it was
sufficient for 3rd place. Dieser Sieg brachte mich ein Stück näher Richtung
Medaille. Mit 6,5 /9 konnte ich immer noch träumen. Am Ende reichte es für
Platz 3.} 1-0